[Event "FIDE World Uni Blitz-D 1st"]
[Site "Tornelo INT"]
[Date "2021.03.13"]
[Round "2.25"]
[White "Mendoza, Shania Mae"]
[Black "Rutvik, Moharil"]
[Result "1-0"]
[WhiteElo "2158"]
[BlackElo "1610"]
[PlyCount "55"]
[EventDate "2021.03.13"]
[EventType "swiss (blitz)"]
[EventRounds "10"]
[EventCountry "NET"]
[SourceTitle "EXT 2022"]
[Source "ChessBase"]
[SourceDate "2021.10.06"]
[SourceVersion "1"]
[SourceVersionDate "2021.10.06"]
[SourceQuality "1"]

1. e4 e6 2. d4 d5 3. Nc3 Nf6 4. exd5 exd5 5. h3 Be7 6. Bd3 Be6 7. Qf3 0-0 8. Be3 Nbd7 9. 0-0-0 c5 10. Kb1 cxd4 11. Bxd4 Bc5 12. Nge2 Bxd4 13. Nxd4 Ne5 14. Qg3 Nxd3 15. Rxd3 Rc8 16. Rhd1 Qb6 17. f4 Ne4 18. Nxe4 dxe4 19. R3d2 f5 20. b3 Rc7 21. Nxe6 Qxe6 22. Rd6 Qe7 23. Qe3 Rfc8 24. c4 b5 25. cxb5 Rc2 26. Qd4 Rxg2 27. Qd5+ Kf8 28. Qxf5+ 1-0

[Event "FIDE World Uni Blitz-D 1st"]
[Site "Tornelo INT"]
[Date "2021.03.13"]
[Round "7.48"]
[White "Rutvik, Moharil"]
[Black "Hernandez Gonzalez, William"]
[Result "1-0"]
[WhiteElo "1610"]
[BlackElo "2481"]
[PlyCount "85"]
[EventDate "2021.03.13"]
[EventType "swiss (blitz)"]
[EventRounds "10"]
[EventCountry "NET"]
[SourceTitle "EXT 2022"]
[Source "ChessBase"]
[SourceDate "2021.10.06"]
[SourceVersion "1"]
[SourceVersionDate "2021.10.06"]
[SourceQuality "1"]

1. e4 c5 2. Nf3 d6 3. d4 cxd4 4. Nxd4 Nf6 5. Nc3 g6 6. Be3 a6 7. f3 b5 8. Qd2 Bb7 9. h4 Bg7 10. Bh6 Bxh6 11. Qxh6 Nbd7 12. 0-0-0 Qc7 13. Kb1 0-0-0 14. Qe3 Kb8 15. Be2 h5 16. Rhe1 Nb6 17. f4 e5 18. Nb3 b4 19. Nd5 Nfxd5 20. exd5 Nxd5 21. Qd2 exf4 22. Bf3 Ne3 23. Qxb4 Nxc2 24. Qxf4 Nxe1 25. Rxe1 Rhe8 26. Rc1 Qb6 27. Qxf7 Bxf3 28. gxf3 Rc8 29. Qxg6 Rxc1+ 30. Nxc1 Rc8 31. Qe4 Qg1 32. Qf4 Qc5 33. Qd2 Qf5+ 34. Ka1 Qc5 35. Kb1 Qf5+ 36. Ka1 Qxf3 37. Qxd6+ Kb7 38. Qb4+ Ka8 39. Qd2 Qh1 40. Kb1 Qe4+ 41. Ka1 Rc2 42. Qd8+ Kb7 43. Qd1 1-0